000 00385 a2200157 4500
001 150864
040 _cEscola São Tomás de Aquino
100 _aCASTRO, Maria da Glória Cardia
240 1 0 _aQuem roubou minha infância?
_lpor
245 1 0 _aQuem roubou minha infância?
300 _a39
362 0 _a2007
440 1 _aEditora do Brasil
697 _aPsicologia
942 _cBK
999 _c150864
_d150864